|
|
|
|
| LEADER |
00000nam0a2200000 4500 |
| 001 |
277155 |
| 005 |
20231101235005.0 |
| 035 |
|
|
|a (RuTPU)RU\TPU\book\300428
|
| 090 |
|
|
|a 277155
|
| 100 |
|
|
|a 20141129d1972 m y0rusy5003 ca
|
| 101 |
0 |
|
|a rus
|
| 102 |
|
|
|a RU
|
| 105 |
|
|
|a a z 000zy
|
| 200 |
1 |
|
|a Омск: очерки истории города
|f М. К. Юрасова
|
| 210 |
|
|
|a Омск
|c Западно-Сибирское книжное издательство
|d 1972
|
| 215 |
|
|
|a 312 с.
|c ил.
|
| 606 |
1 |
|
|a Омск, г.
|x История
|2 stltpush
|3 (RuTPU)RU\TPU\subj\67200
|9 83083
|
| 610 |
1 |
|
|a города
|
| 610 |
1 |
|
|a очерки
|
| 610 |
1 |
|
|a Сибирь
|
| 610 |
1 |
|
|a основание
|
| 610 |
1 |
|
|a социально-экономические отношения
|
| 610 |
1 |
|
|a интервенция
|
| 610 |
1 |
|
|a прошлое
|
| 610 |
1 |
|
|a настоящее
|
| 686 |
|
|
|a Т3(253.3)
|v LBC/SL-A
|2 rubbk
|
| 700 |
|
1 |
|a Юрасова
|b М. К.
|4 070
|
| 801 |
|
0 |
|a RU
|b RuMRKP
|c 19950704
|g psbo
|
| 801 |
|
1 |
|a RU
|b 63413507
|c 20141129
|
| 801 |
|
2 |
|a RU
|b 63413507
|c 20171220
|g RCR
|
| 942 |
|
|
|c BK
|